[Event "poncianus war"]
[Site "http://www.queenalice.com/game.php?id=481052"]
[Date "2008.10.22"]
[Round "-"]
[White "guirpm"]
[Black "galaksoda"]
[Result "0-1"]
[WhiteElo "1622"]
[BlackElo "1901"]

1. e3 d5 2. d4 Nf6 3. Nf3 g6 4. g4 Bxg4 5. Ke2 Bg7 6. h3 Bxf3+ 7. Kxf3 O-O 8.
Ke2 Ne4 9. f3 Ng3+ 10. Ke1 Nxh1 11. e4 dxe4 12. fxe4 Ng3 13. Qg4 Nxf1 14. Kxf1
Qxd4 15. Nd2 Nc6 16. c3 Qd3+ 17. Qe2 Qxh3+ 18. Qg2 Qxg2+ 19. Kxg2 Rad8 20. Nc4
b5 21. Ne3 Rd3 22. b4 Bxc3 23. Rb1 Nxb4 24. Ba3 a5 25. Nc4 bxc4 26. Bxb4 Bxb4
27. Rf1 Rfd8 28. e5 Rd2+ 29. Kg1 R8d4 30. e6 f6 31. a3 Bc5 32. a4 Rg4+ 33. Kh1
Rh4# 0-1

[Event "Challenge"]
[Site "http://www.queenalice.com/game.php?id=510176"]
[Date "2008.12.19"]
[Round "-"]
[White "hamurobi2"]
[Black "guirpm"]
[Result "0-1"]
[WhiteElo "1100"]
[BlackElo "1561"]

1. e4 e5 2. Nf3 Nf6 3. d3 d6 4. Nc3 Nc6 5. Bg5 Bg4 6. h3 h6 7. hxg4 hxg5 8. Rxh8
Nxg4 9. Qd2 Qf6 10. Rh3 O-O-O 11. Qxg5 Qxg5 12. Nxg5 f6 13. Ne6 Be7 14. Nxd8
Bxd8 15. Rh8 g5 16. Be2 f5 17. Bxg4 fxg4 18. O-O-O b6 0-1

[Event "Challenge"]
[Site "http://www.queenalice.com/game.php?id=510538"]
[Date "2008.12.20"]
[Round "-"]
[White "guirpm"]
[Black "msfvaladares"]
[Result "0-1"]
[WhiteElo "1592"]
[BlackElo "1841"]

1. Nc3 Nf6 2. d4 d5 3. Bg5 e6 4. e3 Bb4 5. a3 Ba5 6. b4 Bb6 7. Nb5 O-O 8. Qf3
Nbd7 9. Nh3 a6 10. Nc3 h6 11. Bd3 hxg5 12. Nxg5 Ne4 13. Ncxe4 dxe4 14. Qxe4 g6
15. h4 Nf6 16. Qf4 Nh5 17. Qg4 e5 18. Qe4 Qf6 19. dxe5 Qc6 20. b5 Qc3+ 21. Kf1
Qxa1+ 22. Ke2 Qxh1 23. g4 Qxe4 24. Bxe4 Bxg4+ 25. Kd2 Rad8+ 26. Ke1 Rd1# 0-1

[Event "Challenge"]
[Site "http://www.queenalice.com/game.php?id=512919"]
[Date "2008.12.26"]
[Round "-"]
[White "guirpm"]
[Black "kingdave"]
[Result "0-1"]
[WhiteElo "1513"]
[BlackElo "1883"]

1. d4 Nf6 2. Nf3 e6 3. Bg5 h6 4. Bxf6 Qxf6 5. e4 b6 6. e5 Qg6 7. Bd3 Qxg2 8. Rg1
Qh3 9. Rg3 Qh5 10. h4 Bb7 11. Nbd2 Bxf3 12. Nxf3 f5 13. d5 Qf7 14. dxe6 dxe6 15.
c4 Bb4+ 16. Kf1 Nc6 17. a3 Bc5 18. b4 Bd4 19. Nxd4 Nxd4 20. Qa4+ Kf8 21. Rd1 g5
22. Rh3 g4 23. Rh1 Nf3 24. Qb3 Nxe5 25. Qc3 Qg7 26. Re1 Nxd3 27. Qxd3 Qe7 28.
Re5 Kf7 29. Kg2 Rad8 30. Qb3 Rd7 31. Rhe1 Qxh4 32. c5 Qh3+ 33. Qxh3 gxh3+ 34.
Kxh3 Re8 35. cxb6 cxb6 36. Kh4 Rd4+ 37. Kh3 Rg4 38. Rc1 Reg8 39. Re3 Rg1 40.
Rc7+ Kf6 41. Rg3 R1xg3+ 42. fxg3 Rg7 43. Rc3 Rd7 44. Kh4 Rd4+ 45. Kh3 Rd7 46.
Rc4 Rd3 47. a4 h5 48. Kh4 Rd1 49. Kh3 Rd3 50. Rh4 Kg5 51. Rc4 Re3 0-1

[Event "Challenge"]
[Site "http://www.queenalice.com/game.php?id=515309"]
[Date "2008.12.31"]
[Round "-"]
[White "guirpm"]
[Black "Andrei_78"]
[Result "0-1"]
[WhiteElo "1561"]
[BlackElo "1623"]

1. d4 d5 2. Nc3 e6 3. e3 h6 4. h3 Bb4 5. Bb5+ c6 6. Ba4 Nf6 7. a3 Bxc3+ 8. bxc3
b5 9. Bb3 Ne4 10. Ne2 Qf6 11. Nf4 Nxc3 12. Qd2 Ne4 13. Qd3 O-O 14. O-O Ba6 15.
Qd1 Nc3 16. Qf3 b4 17. Re1 bxa3 18. Bxa3 Rc8 19. Bd6 Nd7 20. Rxa6 e5 21. Bxe5
Qf5 22. Bd6 Nb8 23. Bxb8 Ne4 24. Be5 Nd2 25. Qg3 f6 26. Bd6 Ne4 27. Qg6 Nxd6 28.
Bxd5+ cxd5 29. Rxd6 Qxg6 30. Nxg6 Kh7 31. Ne7 Re8 32. Nxd5 a5 33. Nc7 a4 34.
Nxe8 Rxe8 35. Ra6 Kg6 36. Rxa4 Rc8 37. c4 Kg5 38. c5 Kf5 39. Rea1 g5 40. Ra8 Rc6
41. R1a6 Rc7 42. Rg8 h5 43. Rf8 Rb7 0-1

[Event "AUTO-INT-1294"]
[Site "http://www.queenalice.com/game.php?id=583251"]
[Date "2009.5.5"]
[Round "1"]
[White "manucies"]
[Black "guirpm"]
[Result "0-1"]
[WhiteElo "1645"]
[BlackElo "1643"]

1. e4 c5 2. d4 cxd4 3. Qxd4 Nc6 4. Qd3 e5 5. Nf3 Be7 6. Nc3 d6 7. h3 Nf6 8. Bg5
O-O 9. Bxf6 Bxf6 10. Nd5 Be6 11. Qb5 Nd4 12. Nxd4 exd4 13. Nxf6+ Qxf6 14. f3
Qh4+ 15. Kd1 Qe7 16. f4 b6 17. f5 Bd7 18. Qd5 Qe5 19. g4 Qxd5 20. exd5 Rfe8 21.
c3 dxc3 22. bxc3 Ba4+ 23. Kd2 Rac8 24. c4 Re5 25. Re1 b5 26. cxb5 Rc2+ 27. Kd1
Rxa2+ 0-1

[Event "AUTO-INT-1294"]
[Site "http://www.queenalice.com/game.php?id=583252"]
[Date "2009.5.5"]
[Round "1"]
[White "guirpm"]
[Black "manucies"]
[Result "1-0"]
[WhiteElo "1606"]
[BlackElo "1616"]

1. e4 e5 2. Nf3 d6 3. d4 exd4 4. Nxd4 Nf6 5. Bg5 Be7 6. Bd3 h6 7. Bf4 g5 8. Be3
d5 9. e5 Ne4 10. Nd2 Nxd2 11. Bxd2 Bc5 12. Be3 Bxd4 13. Bxd4 O-O 14. O-O b6 15.
c3 c5 16. Be3 d4 17. cxd4 cxd4 18. Bd2 Nc6 19. Re1 f6 20. Bc4+ Kg7 21. e6 Ne7
22. Qf3 Rb8 23. Bb4 b5 24. Bxe7 Qxe7 25. Bb3 Rb6 26. Qg3 Bxe6 27. Rac1 Qd7 28.
Rc7 Qxc7 29. Qxc7+ Bf7 30. Re7 Kg6 31. Bxf7+ Kf5 32. Be6+ Kg6 33. Rg7+ Kh5 34.
g4+ 1-0

[Event "AUTO-INT-1294"]
[Site "http://www.queenalice.com/game.php?id=583263"]
[Date "2009.5.5"]
[Round "1"]
[White "DrIgO"]
[Black "guirpm"]
[Result "0-1"]
[WhiteElo "1680"]
[BlackElo "1703"]

1. d4 Nf6 2. d5 c6 3. Nc3 d6 4. Bg5 e5 5. e4 Be7 6. Qf3 Bg4 7. Qg3 Bd7 8. O-O-O
O-O 9. Nf3 h6 10. Bxh6 Ng4 11. dxc6 Nxc6 12. Nd5 Nxh6 13. h4 f5 14. Qg6 Be8 15.
Nxe7+ Nxe7 16. Bc4+ Bf7 17. Bxf7+ Rxf7 18. Qh5 Ng4 19. Ng5 Rf6 20. exf5 Nxf2 21.
Qh7+ Kf8 22. Ne6+ Rxe6 23. fxe6 Nxh1 24. Rf1+ Nf5 25. Qxf5+ Kg8 26. Rxh1 Qf8 27.
Rf1 Qxf5 28. Rxf5 Re8 29. h5 Rxe6 30. b4 d5 31. g4 d4 32. Rg5 e4 33. Kd2 e3+ 34.
Ke2 Rc6 35. c3 dxc3 36. h6 Rxh6 37. Rc5 Rh2+ 38. Kxe3 Rxa2 39. Rc8+ Kh7 40. Rxc3
b5 41. g5 Rb2 42. Rc6 Rxb4 43. g6+ Kh6 44. Kd3 a5 45. Re6 Rb3+ 46. Kc2 a4 47.
Rd6 b4 48. Ra6 Rc3+ 49. Kb2 a3+ 50. Ka2 Rc2+ 51. Kb3 Rb2+ 52. Kc4 a2 53. Kd4 b3
54. Ke5 Rb1 55. Kf4 a1=Q 56. Kf5 Rf1+ 57. Kg4 Qd4+ 58. Kg3 Qg1+ 59. Kh3 Rf3+ 60.
Kh4 Qg5# 0-1

[Event "AUTO-INT-1294"]
[Site "http://www.queenalice.com/game.php?id=583264"]
[Date "2009.5.5"]
[Round "1"]
[White "guirpm"]
[Black "DrIgO"]
[Result "1-0"]
[WhiteElo "1677"]
[BlackElo "1622"]

1. e4 d5 2. exd5 Qxd5 3. Nc3 Qe5+ 4. Be2 Bg4 5. d4 Qh5 6. Bxg4 Qg6 7. Bf3 Nc6 8.
a3 O-O-O 9. Nge2 e5 10. d5 Bc5 11. O-O Nd4 12. Be4 Qh5 13. Qd3 f5 14. Ng3 Qh4
15. Nxf5 Qg5 16. Bxg5 Rf8 17. b4 Bd6 18. Nxd6+ cxd6 19. Nb5 h6 20. Be3 g5 21.
Nxd4 exd4 22. Bxd4 Ne7 23. Bxh8 Rxh8 24. Qd4 Rf8 25. Qxa7 Kc7 26. b5 Rf4 27. b6+
Kd7 28. Qxb7+ Ke8 29. Rae1 Kf7 30. Bd3 Kg7 31. Rxe7+ Rf7 32. Rxf7+ Kg8 33. Bh7+
Kh8 34. Rf8# 1-0

[Event "AUTO-INT-1294"]
[Site "http://www.queenalice.com/game.php?id=583271"]
[Date "2009.5.5"]
[Round "1"]
[White "guirpm"]
[Black "aldav"]
[Result "1-0"]
[WhiteElo "1509"]
[BlackElo "1585"]

1. Nf3 d5 2. d4 e6 3. c4 h6 4. Nc3 dxc4 5. e4 c6 6. Bxc4 Bb4 7. O-O b5 8. Bb3 a6
9. Re1 Ne7 10. a3 Bxc3 11. bxc3 O-O 12. a4 Qb6 13. Be3 b4 14. d5 c5 15. a5 Qc7
16. d6 Qc6 17. dxe7 Re8 18. Ba4 1-0

[Event "AUTO-INT-1294"]
[Site "http://www.queenalice.com/game.php?id=583272"]
[Date "2009.5.5"]
[Round "1"]
[White "aldav"]
[Black "guirpm"]
[Result "0-1"]
[WhiteElo "1602"]
[BlackElo "1562"]

1. d4 Nf6 2. e3 g6 3. Nc3 Bg7 4. Nf3 O-O 5. g3 d5 6. Be2 Bh3 7. b3 Re8 8. Bb2
Nc6 9. Qd2 Ng4 10. Ng5 Nxf2 11. Kxf2 Bc8 12. Raf1 e5 13. dxe5 Qxg5 14. Nxd5 Bxe5
15. Bxe5 Qxe5 16. Qc3 Qxd5 17. Bf3 Qf5 18. Ke2 Qe5 19. Qxe5 Rxe5 20. Bxc6 bxc6
21. Rd1 Bg4+ 0-1

[Event "..."]
[Site "http://www.queenalice.com/game.php?id=599238"]
[Date "2009.6.6"]
[Round "-"]
[White "guirpm"]
[Black "Slorche"]
[Result "1-0"]
[WhiteElo "1778"]
[BlackElo "1669"]

1. e4 e5 2. Nf3 d6 3. d4 exd4 4. Nxd4 Be7 5. Nc3 c5 6. Nf3 Nf6 7. Be2 O-O 8. O-O
Bd7 9. Bf4 Nc6 10. Bxd6 Bxd6 11. Qxd6 Nd4 12. Nxd4 cxd4 13. Qxd4 Bc6 14. Qe3 Re8
15. Rad1 Qe7 16. Bf3 Bxe4 17. Bxe4 Nxe4 18. Rfe1 Nxc3 19. Qxc3 Qg5 20. Qf3 b6
21. g3 Rxe1+ 22. Rxe1 Qd8 23. Rd1 Qe8 24. Rd7 Rd8 25. Rxa7 h6 26. c4 Rd7 27. Ra8
Rd8 28. Ra6 b5 29. b3 bxc4 30. bxc4 Qd7 31. Ra3 Qb5 32. cxb5 Rb8 33. Qe4 g6 34.
Qd4 Rc8 35. Kg2 Rb8 36. b6 h5 37. b7 Rxb7 38. Ra8+ Kh7 39. Qh8# 1-0

[Event "..."]
[Site "http://www.queenalice.com/game.php?id=599243"]
[Date "2009.6.6"]
[Round "-"]
[White "Slorche"]
[Black "guirpm"]
[Result "0-1"]
[WhiteElo "1518"]
[BlackElo "1865"]

1. e4 c5 2. d4 cxd4 3. Qxd4 Nc6 4. Qd1 Nf6 5. Bd3 d5 6. exd5 Nxd5 7. Nf3 e5 8.
O-O Be7 9. Re1 Bg4 10. Be2 O-O 11. Bd2 e4 12. Nd4 Bxe2 13. Nxe2 Bc5 14. Nec3 Bd4
15. Rxe4 Qf6 16. Be3 Bxe3 17. fxe3 Nxc3 18. Nxc3 Rad8 19. Qe2 a6 20. Rf4 Qe5 21.
Rff1 b5 22. a3 Rd6 23. e4 Nd4 24. Qf2 Rf6 25. Qe3 Nxc2 26. Qc1 Nxa1 27. Rxf6
Qxf6 28. Qxa1 Rd8 29. Qe1 Qe5 30. Qe2 Qg5 31. Qf1 Rd2 32. Ne2 Qe3+ 33. Kh1 Rxe2
34. h3 Re1 35. Qxe1 Qxe1+ 36. Kh2 Qxe4 37. Kg3 g5 38. Kf2 Qc2+ 39. Kf3 Qxb2 40.
g3 Qxa3+ 41. Kg4 f6 42. h4 h6 0-1

[Event "AUTO-INT-1294"]
[Site "http://www.queenalice.com/game.php?id=647534"]
[Date "2009.9.5"]
[Round "2"]
[White "TigerLilly"]
[Black "guirpm"]
[Result "0-1"]
[WhiteElo "1589"]
[BlackElo "1853"]

1. e4 e5 2. Bc4 Nf6 3. Qf3 Nc6 4. Ne2 d6 5. h3 Be6 6. d3 Qd7 7. Nbc3 Bxc4 8.
dxc4 O-O-O 9. Bg5 Be7 10. O-O-O Kb8 11. Ng3 h6 12. Bxf6 Bxf6 13. Nd5 Nd4 14.
Nxf6 gxf6 15. Qxf6 Qa4 16. Kb1 Qxc2+ 17. Ka1 Qxc4 0-1

[Event "AUTO-INT-1294"]
[Site "http://www.queenalice.com/game.php?id=647535"]
[Date "2009.9.5"]
[Round "2"]
[White "guirpm"]
[Black "TigerLilly"]
[Result "1-0"]
[WhiteElo "1859"]
[BlackElo "1589"]

1. e4 c5 2. Nf3 g6 3. d4 cxd4 4. Nxd4 Bg7 5. c4 d6 6. Nc3 Nc6 7. Be3 Nf6 8. Be2
Nxd4 9. Bxd4 O-O 10. O-O b6 11. Bf3 Bb7 12. Re1 Qd7 13. Re3 Rfc8 14. Bxf6 Bxf6
15. h3 h5 16. Qe2 1-0

[Event "AUTO-INT-1294"]
[Site "http://www.queenalice.com/game.php?id=647536"]
[Date "2009.9.5"]
[Round "2"]
[White "Montealto"]
[Black "guirpm"]
[Result "0-1"]
[WhiteElo "1655"]
[BlackElo "1842"]

1. e4 e5 2. Bc4 Nf6 3. Nc3 Nc6 4. Nf3 Nxe4 5. O-O Nxc3 6. dxc3 Be7 7. Re1 d6 8.
b4 O-O 9. Bd5 a5 10. b5 Nb8 11. c4 c6 12. Be4 Be6 13. Qd3 f5 14. bxc6 bxc6 15.
Bd5 cxd5 16. Qd2 dxc4 17. Ng5 Bc8 18. Qd5+ Kh8 19. Qxa8 Bxg5 0-1

[Event "Let's Play Chess!"]
[Site "http://www.queenalice.com/game.php?id=661687"]
[Date "2009.10.3"]
[Round "-"]
[White "elche"]
[Black "guirpm"]
[Result "0-1"]
[WhiteElo "1718"]
[BlackElo "1756"]

1. e4 c5 2. Nc3 Nc6 3. g3 g6 4. Bg2 Bg7 5. d3 d6 6. f4 e6 7. Nge2 Nge7 8. O-O
O-O 9. Rb1 Rb8 10. a3 b5 11. Be3 b4 12. axb4 cxb4 13. Na4 Bh6 14. b3 e5 15. h3
Be6 16. Bxa7 Nxa7 17. fxe5 d5 18. Nc5 Be3+ 19. Kh1 Bxc5 0-1

[Event "Challenge"]
[Site "http://www.queenalice.com/game.php?id=677280"]
[Date "2009.11.3"]
[Round "-"]
[White "montelo"]
[Black "guirpm"]
[Result "1/2-1/2"]
[WhiteElo "2047"]
[BlackElo "1831"]

1. e4 c5 2. Nc3 Nc6 3. Nf3 g6 4. b3 Bg7 5. Bb2 d6 6. Ng5 e5 7. h4 Bh6 8. Qf3
Bxg5 9. hxg5 Nd4 10. Qd3 Qxg5 11. Nd5 Qd8 12. c3 Nc6 13. c4 Nge7 14. Nf6+ Kf8
15. Nxh7+ Kg7 16. f4 Nb4 17. Qc3 Rxh7 18. Rxh7+ Kxh7 19. a3 Nbc6 20. O-O-O Bg4
21. Re1 f6 22. Be2 Qd7 23. Rh1+ Kg7 24. Bxg4 Qxg4 25. g3 Rh8 26. Rxh8 Kxh8 27.
Kb1 Nd4 28. fxe5 fxe5 29. Qa5 Qxe4+ 30. Ka2 a6 31. Qd8+ Ng8 32. Qxd6 Kh7 33.
Qxc5 Nf6 34. Qe7+ Kh6 35. Qxf6 Qf3 36. Qxe5 Qxb3+ 37. Ka1 Nc2+ 38. Kb1 Nxa3+ 39.
Ka1 Nc2+ 1/2-1/2

[Event "Challenge"]
[Site "http://www.queenalice.com/game.php?id=677281"]
[Date "2009.11.3"]
[Round "-"]
[White "guirpm"]
[Black "montelo"]
[Result "1-0"]
[WhiteElo "1795"]
[BlackElo "2036"]

1. e4 e5 2. Nf3 Nc6 3. Bb5 Nf6 4. d3 Bc5 5. O-O Ng4 6. Bxc6 bxc6 7. d4 Be7 8. h3
Nf6 9. dxe5 Nxe4 10. Re1 Nc5 11. c4 d6 12. exd6 cxd6 13. b4 Na6 14. Bg5 f6 15.
Bd2 c5 16. b5 Nc7 17. Bf4 Bb7 18. Bxd6 Bxf3 19. gxf3 Qc8 20. Rxe7+ Kd8 21. Bxc5+
Nd5 22. Qxd5+ Qd7 23. Qxd7# 1-0